[Event "India rating op"]
[Site "India"]
[Date "2019.02.03"]
[Round "10"]
[White "Samyak, Baid"]
[Black "Sarode, Om"]
[Result "1-0"]
[WhiteElo "1899"]
[BlackElo "1021"]
[PlyCount "65"]
[EventDate "2019.02.03"]
[EventType "swiss"]
[EventRounds "11"]
[EventCountry "IND"]
[SourceTitle "EXT 2021"]
[Source "ChessBase"]
[SourceDate "2020.10.23"]
[SourceVersion "1"]
[SourceVersionDate "2020.10.23"]
[SourceQuality "1"]

1. e4 e6 2. d4 d5 3. Nd2 Nf6 4. e5 Nfd7 5. Bd3 c5 6. c3 Nc6 7. Ngf3 Qb6 8. 0-0 Be7 9. Re1 f6 10. exf6 Nxf6 11. Nf1 c4 12. Bb1 Bd7 13. Qc2 Na5 14. Bf4 0-0-0 15. Ne5 Rhf8 16. Nxd7 Nxd7 17. Bg3 Qa6 18. Qxh7 Bf6 19. Qh3 Nb3 20. Rxe6 Qa5 21. axb3 Qxa1 22. Bf5 cxb3 23. Rd6 Qa4 24. Rxd5 Rf7 25. Rc5+ Qc6 26. Rxc6+ bxc6 27. Nd2 Kb7 28. Bxd7 Rfxd7 29. Nxb3 Re8 30. Qxd7+ Kb6 31. Qxe8 a5 32. Qb8+ Ka6 33. Nc5# 1-0

[Event "Kalyan op 2nd"]
[Site "Kalyan"]
[Date "2019.01.30"]
[Round "3"]
[White "Kumar, Gaurav"]
[Black "Sarode, Om"]
[Result "1/2-1/2"]
[WhiteElo "2128"]
[BlackElo "1426"]
[PlyCount "49"]
[EventDate "2019.01.29"]
[EventType "swiss"]
[EventRounds "10"]
[EventCountry "IND"]
[SourceTitle "CBM 188 Extra"]
[Source "ChessBase"]
[SourceDate "2019.02.28"]
[SourceVersion "1"]
[SourceVersionDate "2019.02.28"]
[SourceQuality "1"]

1. e4 e6 2. d4 d5 3. Nc3 Nf6 4. e5 Nfd7 5. f4 a6 6. Nf3 c5 7. Be3 Nc6 8. Qd2 Qb6 9. 0-0-0 c4 10. f5 Bb4 11. fxe6 fxe6 12. Bxc4 Na7 13. Bb3 Nb5 14. Qd3 Nxc3 15. bxc3 Ba3+ 16. Kd2 Qa5 17. Ng5 Nf8 18. Rhf1 Bd7 19. Nxh7 Nxh7 20. Qg6+ Kd8 21. Qxg7 Kc7 22. Rf7 Qb5 23. Qh6 Rag8 24. Rg7 Nf8 25. Qg5 1/2-1/2